Budapest statisztikai zsebkönyve.

Uložené v:
Podrobná bibliografia
Médium: Kniha
Jazyk:Hungarian
Vydané: Budapest : Statisztikai kiado vállalat, 1956.
Vydanie:1. kiad.
ISBN: (brož.)
Fyzický popis: 135 s.
Tagy: Pridať tag
Žiadne tagy, Buďte prvý kto otaguje tento záznam!

MARC

LEADER 00000nam a2200000 4500
001 000437821
005 20131001171759.0
008 940513s1956 hu e 000 0 hun d
020 |a (brož.)  |c Kčs 6,00 
040 |a SVKKK  |b slo  |c SVKKK  |e AACR2 
041 0 |a hun 
044 |a hu  |c HU 
245 0 0 |a Budapest statisztikai zsebkönyve. 
250 |a 1. kiad. 
260 |a Budapest :  |b Statisztikai kiado vállalat,  |c 1956. 
300 |a 135 s. 
910 |a svkkk 
998 |a BK 
090 |g SCKHL  |k Sklad Pribinova prízemie  |a I.11113  |j 150992  |i 2720393158  |s Prezenčne